Lecture notes on Tropical medicine
में बचाया:
| मुख्य लेखक: | |
|---|---|
| स्वरूप: | पुस्तक |
| भाषा: | Undetermined |
| प्रकाशित: |
Oxford
Blackwell Science
1987
|
| विषय: | |
| टैग : |
टैग जोड़ें
कोई टैग नहीं, इस रिकॉर्ड को टैग करने वाले पहले व्यक्ति बनें!
|
| Thư viện lưu trữ: | Trung tâm Học liệu Trường Đại học Cần Thơ |
|---|
| LEADER | 00476nam a2200169Ia 4500 | ||
|---|---|---|---|
| 001 | CTU_45940 | ||
| 008 | 210402s9999 xx 000 0 und d | ||
| 082 | |a 616.90913 | ||
| 082 | |b B433 | ||
| 100 | |a Dion R Bell | ||
| 245 | 0 | |a Lecture notes on Tropical medicine | |
| 245 | 0 | |c Dion R Bell | |
| 260 | |a Oxford | ||
| 260 | |b Blackwell Science | ||
| 260 | |c 1987 | ||
| 650 | |a tropical medicine - handbooks, manuals, etc | ||
| 980 | |a Trung tâm Học liệu Trường Đại học Cần Thơ | ||